| 000 | 00614nam a2200181 i 4500 | ||
|---|---|---|---|
| 001 | 84960 | ||
| 003 | ES-MaACL | ||
| 005 | 20230906175143.0 | ||
| 007 | t| | ||
| 008 | 041124s1947 ag ||||1| spa d | ||
| 100 | 1 |
_aJespersen, Otto. _966356 |
|
| 245 | 1 | 0 |
_aHumanidad, nación, individuo : _bdesde el punto de vista lingüístico / _cOtto Jerpersen ; traducido del inglés por Fernando Vela. |
| 260 |
_aBuenos Aires : _bRevista de Occidente, _c1947 ( _fBartolomé U. Chiesino) |
||
| 300 |
_a281 p. ; _c20 cm. |
||
| 650 | 4 |
_aLingüística. _914463 |
|
| 700 | 1 |
_aVela, Fernando. _9113674 |
|
| 852 |
_aES-MaACL _jE-729 |
||
| 999 |
_c84960 _d84960 |
||